书目信息 |
| 题名: |
资治通鉴故事
|
|
| 作者: | 武士明 编著 | |
| 分册: | 下卷 | |
| 出版信息: | 北京 西苑出版社 2011.03 |
|
| 页数: | 203页 | |
| 开本: | 24cm | |
| 丛书名: | ||
| 单 册: | ||
| 中图分类: | I247.8 , K204.3 | |
| 科图分类: | ||
| 主题词: | 历史故事--Li Shi Gu Shi--作品集--中国--当代 | |
| 电子资源: | ||
| ISBN: | 978-7-80210-887-5 | |
| 000 | 00874nam0 2200253 450 | |
| 001 | 012010627489 | |
| 005 | 20111228155406.31 | |
| 010 | @a978-7-80210-887-5@dCNY27.90 | |
| 100 | @a20110927d2011 em y0chiy0110 ea | |
| 101 | 0 | @achi |
| 102 | @aCN@b110000 | |
| 105 | @aa z 000fy | |
| 200 | 1 | @a资治通鉴故事@AZi Zhi Tong Jian Gu Shi@h下卷@f武士明等编著 |
| 210 | @a北京@c西苑出版社@d2011.03 | |
| 215 | @a203页@c图@d24cm | |
| 304 | @a编著者还有:易宗军、王宁、王彦 | |
| 330 | @a本册精选了原著中从周纪到晋纪的经典历史故事,通过一个个鲜活生动的历史故事,从全新的角度和层面去考察历史、感受历史、思考历史。 | |
| 605 | @a《资治通鉴》@j通俗读物 | |
| 606 | 0 | @a历史故事@ALi Shi Gu Shi@x作品集@y中国@z当代 |
| 690 | @aI247.8 | |
| 690 | @aK204.3@v5 | |
| 701 | 0 | @a武士明@AWu Shi Ming@4编著 |
| 801 | 0 | @aCN@bHNDDDT@c20111228 |
| 905 | @a郑州市财税学校图书馆@dK204.3@eW987:2@f3 | |
| 资治通鉴故事.下卷/武士明等编著.-北京:西苑出版社,2011.03 |
| 203页:图;24cm |
| ISBN 978-7-80210-887-5:CNY27.90 |
| 本册精选了原著中从周纪到晋纪的经典历史故事,通过一个个鲜活生动的历史故事,从全新的角度和层面去考察历史、感受历史、思考历史。 |
| ● |
| 相关链接 |
|
|
|
正题名:资治通鉴故事
索取号:K204.3/W987:2
 
预约/预借
| 序号 | 登录号 | 条形码 | 馆藏地/架位号 | 状态 | 备注 |
| 1 | 1186228 | 211862288 | 自科二线404/400A自科库 52排1列4层/ [索取号:K204.3/W987:2] | 在馆 | |
| 2 | 1186229 | 211862297 | 社科库309/309社科库 106排7列4层/ [索取号:K204.3/W987:2] | 在馆 | |
| 3 | 1186230 | 211862304 | 自科二线404/400A自科库 52排1列4层/ [索取号:K204.3/W987:2] | 在馆 |